书目信息 |
| 题名: |
契约和组织案例研究
|
|
| 作者: | 马斯腾 主编 ;李强 , 陈海威 译 | |
| 分册: | ||
| 出版信息: | 北京 人民大学出版社 2005 |
|
| 页数: | 458 | |
| 开本: | 23cm | |
| 丛书名: | 企业理论丛书 企业理论译丛 | |
| 单 册: | ||
| 中图分类: | F273.7 | |
| 科图分类: | ||
| 主题词: | 企业经济 | |
| 电子资源: | ||
| ISBN: | 7-300-06544-9 | |
| 000 | 00734nam0 2200229 450 | |
| 001 | 0760515518 | |
| 005 | 20070817164835.51 | |
| 010 | @a7-300-06544-9@d¥38.00 | |
| 100 | @a20070817d km y0chiy0120 ea | |
| 101 | 0 | @achi |
| 200 | 1 | @a契约和组织案例研究@Aqi yue he zu zhi an li yan jiu@f马斯腾主编@Fma si teng zhu bian@g陈海威,李强译@Gchen hai wei,li qiang yi |
| 210 | @a北京@c人民大学出版社@d2005 | |
| 215 | @a458@d23cm | |
| 225 | 2 | @a企业理论丛书 企业理论译丛 |
| 410 | 0 | @12001 @a企业理论丛书 企业理论译丛 |
| 606 | 0 | @a企业经济 |
| 690 | @aF273.7@v3 | |
| 701 | 0 | @a马斯腾@Ama si teng@4主编 |
| 702 | 0 | @a李强@Ali qiang@4译 |
| 702 | 0 | @a陈海威@Achen hai wei@4译 |
| 801 | 0 | @aCN@bPFT@c20070817 |
| 905 | @a213230@dF273.7@eg307@f1 | |
| 契约和组织案例研究/马斯腾主编/陈海威,李强译.-北京:人民大学出版社,2005 |
| 458;23cm.-(企业理论丛书 企业理论译丛) |
| ISBN 7-300-06544-9:¥38.00 |
| ● |
| 相关链接 |
|
|
|
|
正题名:契约和组织案例研究
索取号:F273.7/g307
 
预约/预借
| 序号 | 登录号 | 条形码 | 馆藏地/架位号 | 状态 | 备注 |
| 1 | 6503954 | 265039549 | 密集书库-海洋学院/ [索取号:F273.7/g307] | 在馆 | |
| 2 | 6503955 | 265039558 | 密集书库-海洋学院/ [索取号:F273.7/g307] | 在馆 |